आपला भारत - 5-सोनसळी बंगाल (Record no. 1257157)

MARC details
000 -LEADER
fixed length control field 00771nam a2200193Ia 4500
008 - FIXED-LENGTH DATA ELEMENTS--GENERAL INFORMATION
fixed length control field 151121s9999||||xx |||||||||||||| ||und||
082 ## - DEWEY DECIMAL CLASSIFICATION NUMBER
Classification number 915।414/मंगळ
082 ## - DEWEY DECIMAL CLASSIFICATION NUMBER
Item number HNW-75724
100 ## - MAIN ENTRY--PERSONAL NAME
Personal name मंगळवेढेकर राजा
245 ## - TITLE STATEMENT
Title आपला भारत - 5-सोनसळी बंगाल
260 ## - PUBLICATION, DISTRIBUTION, ETC. (IMPRINT)
Name of publisher, distributor, etc "दिलीपराज प्रकाशन प्रा। लि।, पुणे।"
260 ## - PUBLICATION, DISTRIBUTION, ETC. (IMPRINT)
Date of publication, distribution, etc --
300 ## - PHYSICAL DESCRIPTION
Extent 108
600 ## - SUBJECT ADDED ENTRY--PERSONAL NAME
Personal name मंगळवेढेकर राजा
630 ## - SUBJECT ADDED ENTRY--UNIFORM TITLE
Uniform title आपला भारत - 5-सोनसळी बंगाल
700 ## - ADDED ENTRY--PERSONAL NAME
Personal name मंगळवेढेकर राजा
730 ## - ADDED ENTRY--UNIFORM TITLE
Uniform title आपला भारत - 5-सोनसळी बंगाल
942 ## - ADDED ENTRY ELEMENTS (KOHA)
Koha item type Book
Holdings
Withdrawn status Lost status Damaged status Not for loan Home library Current library Date acquired Cost, normal purchase price Total Checkouts Full call number Barcode Date last seen Cost, replacement price Price effective from Koha item type
        Hirachand Nemchand Wachanalaya, Solapur Hirachand Nemchand Wachanalaya, Solapur 11/21/2015 50.00   HNW-75724 HNW-75724 11/21/2015 50.00 11/21/2015 Book